A.I. Writes a Cowboy Love Letter Using U.S. County Names - Statistics

General Stats
  • This quiz has been taken 26 times
  • The average score is 36 of 69
Answer Stats
Country % Correct
Maverick
100%
Ida
88%
Buffalo
82%
Creek
82%
Crook
82%
Lamb
82%
Bucks
76%
Highlands
76%
Alfalfa
71%
Bacon
71%
Cache
71%
Caribou
71%
Cottonwood
71%
Gem
71%
Ransom
71%
Stark
71%
Summit
71%
Antelope
65%
Bent
65%
Bureau
65%
Coffee
65%
Divide
65%
Elk
65%
Ford
65%
Scurry
65%
Treasure
65%
Valley
65%
Camp
59%
Emmet
59%
Prairie
59%
Rosebud
59%
Barren
53%
Bland
53%
Bourbon
53%
Hardy
53%
Lake
53%
Providence
53%
Republic
53%
Bond
47%
Chase
47%
Defiance
47%
Frontier
47%
Jay
47%
Miner
47%
Union
47%
Boundary
41%
Canadian
41%
Lane
41%
Long
41%
Summers
41%
Traverse
41%
Banks
35%
Clinch
35%
Crisp
35%
Foster
35%
Rush
35%
Converse
29%
Forest
29%
Rains
29%
Swift
29%
Wake
29%
Day
24%
Licking
24%
Dare
18%
Hand
18%
Heard
18%
Love
18%
Loving
18%
Early
12%
No matching quizzes found
Score Distribution
Percent of People with Each Score
Percentile by Number Answered
Your Score History
You have not taken this quiz